000 00366nam a2200145Ia 4500
008 150201s2005 xx 000 0 und d
082 _a345
_bC05R
100 _aRATANLAL, & DHIRAJLAL
245 _aTHE CODE OF CRIMINAL PROCEDURE
250 _a17TH
260 _bWADHWA & COMPANY
_aNAGPUR
_c2005
300 _a1-1250
650 _aFORENSIC MEDICINE
942 _2ddc
_cBK
999 _c1716
_d1716